| 000 | 00775nam a2200181Ia 4500 | ||
|---|---|---|---|
| 008 | 210719s2018 xx 000 0 und d | ||
| 041 | _akan | ||
| 082 | _a294.535K HARS | ||
| 100 | _aHARSHENDRA KUMAR (Di);HEGDE (Em Em) | ||
| 245 | _aSuvarna sanchaya 3: Bhodiya neralinalli | ||
| 260 |
_aUjire _bGolden Jubilee Celebrartion Committee, Dharmastala _c2018 |
||
| 300 |
_axiv,210 _bPB |
||
| 365 |
_b150 _cRs |
||
| 440 |
_aShri D Veerendra Heggadeyavara pattabisheka suvarna mahotsava pustaka malike _v3 |
||
| 650 | _aHinduism | ||
| 650 | _aHinduism | ||
| 906 | _a3: ; bhajane ; Bhodiya ; dhrmadhikarigalu nudidante ; Heggadeyavara ; magaligondu patra ; mahotsava ; malike ; manjuvani ; neralinalli ; pattabisheka ; pustaka ; sahitya sammelana ; sanchaya ; Suvarna ; Veerendra | ||
| 999 |
_c216037 _d216037 |
||